Focus groups theory and practice (Registro nro. 90217)
[ vista simple ]
| 000 -ENCABEZADO | |
|---|---|
| Número de control [NR] | 01591nam a22003137a 4500 |
| 008 - DE LONGITUD FIJA DE DATOS DE ELEMENTOS - INFORMACIÓN GENERAL | |
| Elementos de longitud fija [NR] | 130821s2007 xxu gr eng |
| 020 ## - NUMERO INTERNACIONAL NORMALIZADO PARA LIBROS [R] | |
| Número Internacional Normalizado del libro [NR] | 0761925821 |
| 020 ## - NUMERO INTERNACIONAL NORMALIZADO PARA LIBROS [R] | |
| Número Internacional Normalizado del libro [NR] | 076192583X |
| 020 ## - NUMERO INTERNACIONAL NORMALIZADO PARA LIBROS [R] | |
| Número Internacional Normalizado del libro [NR] | 9780761925828 |
| 020 ## - NUMERO INTERNACIONAL NORMALIZADO PARA LIBROS [R] | |
| Número Internacional Normalizado del libro [NR] | 9780761925835 |
| 040 ## - FUENTE DE CATALOGACION [NR] | |
| Agencia de catalogación original [NR] | Co-BoUCM |
| Idioma de catalogación [NR] | spa |
| Quien Cataloga | |
| Quien Clasifica | Aldemar Mondragón (modificó) |
| 041 00 - CODIGO DE IDIOMA [R] | |
| Código de idioma para texto/pista de sonido o título separado [R] | Inglés |
| 100 1# - ASIENTO PRINCIPAL--NOMBRE PERSONAL [NR] | |
| Nombre personal [NR] | Stewart, David W. |
| ID Autoridad | 31789 |
| 245 10 - MENCION DE TITULO [NR] | |
| Título [NR] | Focus groups theory and practice |
| Mención de responsabilidad, etc. [NR] | David W. Stewart, Prem N. Shamdasani, Dennis W. Rook |
| 250 ## - MENCION DE EDICION [NR] | |
| Mención de edición [NR] | 2nd ed |
| 260 ## - PUBLICACION, DISTRIBUCION, ETC. (PIE DE IMPRENTA) [R] | |
| Lugar de publicación, distribución, etc. [R] | Thousand Oaks (California, Estados Unidos) |
| Nombre del editor, distribuidor, etc. [R] | SAGE Publications |
| Fecha de publicación, distribución, etc. [R] | 2007 |
| 300 ## - DESCRIPCION FISICA [R] | |
| Extensión [R] | xii, 188 páginas |
| 490 0# - MENCION DE SERIE [R] | |
| Mención de serie [R] | Applied Social Research Methods Series |
| Designación numérica/secuencial del volumen [NR] | 20 |
| 505 0# - NOTA DE CONTENIDO CON FORMATO PREESTABLECIDO [R] | |
| Nota de contenido con formato preestablecido [NR] | Introduction: focus group history, history, theory and practice -- Focus groups and the research toolbox -- Group dynamics and focus group research -- Recruiting focus group participant and designing the interview guide -- The focus group moderator -- Conducting the focus group -- Analyzing focus group data -- Focus group research in action -- Other group research techniques -- Conclusion |
| 650 #7 - ASIENTO SECUNDARIO DE MATERIA - TERMINO TEMATICO [R] | |
| Término temático o nombre geográfico como elemento de entrada [NR] | Ciencias sociales |
| Subdivisión general [R] | Investigaciones |
| 9 (RLIN) | 10815 |
| 650 #7 - ASIENTO SECUNDARIO DE MATERIA - TERMINO TEMATICO [R] | |
| Término temático o nombre geográfico como elemento de entrada [NR] | Ciencias sociales |
| Subdivisión general [R] | Investigaciones |
| -- | Metodología |
| 9 (RLIN) | 10815 |
| 650 #7 - ASIENTO SECUNDARIO DE MATERIA - TERMINO TEMATICO [R] | |
| Término temático o nombre geográfico como elemento de entrada [NR] | Grupos sociales |
| 9 (RLIN) | 16559 |
| 690 ## - ASUNTO AGREGADO LOCAL DE ENTRADA - TÉRMINO TEMÁTICO (OCLC, RLIN) | |
| Acceso temático local | Sociología |
| 700 1# - ASIENTO SECUNDARIO - NOMBRE PERSONAL [R] | |
| Nombre personal [NR] | Rook, Dennis W. |
| 9 (RLIN) | 31790 |
| 700 1# - ASIENTO SECUNDARIO - NOMBRE PERSONAL [R] | |
| Nombre personal [NR] | Shamdasani, Prem N. |
| 9 (RLIN) | 31791 |
| 856 4# - LOCALIZACION Y ACCESO ELECTRONICOS [R] | |
| Especificación de los materiales [NR] | Consulte las tablas de contenido haciendo clic aquí |
| Identificador Uniforme del Recurso (“URI”) [R] | <a href="http://www.loc.gov/catdir/toc/ecip0610/2006009180.html">http://www.loc.gov/catdir/toc/ecip0610/2006009180.html</a> |
| 942 ## - ELEMENTOS DE ENTRADA AGREGADOS (KOHA) | |
| Tipo de ítem principal el descrito en 300a | Libro |
| Tema principal | Sociología |
| Edición | 2 |
| Parte restante de la signatura top. | S489f |
| Sistema de clasificación | DEWEY |
| Clasificación | 300.723 |
| Fecha de último préstamo | Total préstamos | Signatura topográfica | Código de barras | Última vez visto | Volúmen / Fascículo | Ejemplar | Price effective from | Tipo de ítem | Nota pública (OPAC) | Perdido | Sistema de clasificación | Dañado | No prestable | Tipo de ítem específico | Suprimido | Ubicación habitual | Ubicación actual | Localización | Fecha de creación | Forma de adquisición | Costo |
|---|---|---|---|---|---|---|---|---|---|---|---|---|---|---|---|---|---|---|---|---|---|
| 12/01/2010 | 2 | 300.723 S489f | 100086916 | 03/12/2025 | 2a. Ed. | Ej.1 | 03/02/2013 | Libro | Spot de Investigación | DEWEY | Libro | Claustro | Claustro | 3er piso - Research commons | 30/09/2007 | Compra | 198000.00 | ||||
| 28/11/2016 | 2 | 300.723 S489f | 100129758 | 03/12/2025 | 2a. Ed. | Ej.2 | 03/02/2013 | Libro | Spot de Investigación | DEWEY | Libro | Claustro | Claustro | 3er piso - Research commons | 28/02/2013 | Compra | 68900.00 | ||||
| 300.723 S489f | 100130627 | 03/12/2025 | 2a. Ed. | Ej.3 | 01/03/2013 | Libro | Spot de Investigación | DEWEY | Libro | Claustro | Claustro | 3er piso - Research commons | 01/03/2013 | Compra | 64100.00 |